Distribuované mini- mikropočítačové systémy Distribuovaný mnohopočítačový komplex SM 53/20. Vysoké Tatry, hotel Park 4.-5.11.1986

Salvato in:
Dettagli Bibliografici
Natura: Libro
Lingua:slovacco
Pubblicazione: Banská Bystrica Dom techniky ČSVTS 1986
Edizione:1. vyd.
Tags: Aggiungi Tag
Nessun Tag, puoi essere il primo ad aggiungerne!!

MARC

LEADER 00000nam a2200000 4500
001 c040121
005 20221219101146.3
041 0 |a slo 
044 |a SK 
245 1 0 |a Distribuované mini- mikropočítačové systémy  |b Distribuovaný mnohopočítačový komplex SM 53/20. Vysoké Tatry, hotel Park 4.-5.11.1986 
250 |a 1. vyd. 
264 1 |a Banská Bystrica  |b Dom techniky ČSVTS  |c 1986 
300 |a 159 s.